Music Quiz

Random Music or Bands Quiz

Before and After: Musicians Quiz Stats

 Plays Quiz Updated May 30, 2019

Score 0/18 Timer 06:00
2 Plays Today
Song titles Band % Correct
Candle in the Wind, Crocodile RockElton John Lennon
79.5%
Semi Charmed Life, JumperThird Eye Blind Melon
61.4%
Photograph, How You Remind MeNickelBackstreet Boys
59.6%
Ice Ice Baby, Play That Funky MusicVanilla Ice Cube
56.1%
Rehab, Back to BlackAmy Winehouse of Pain
46.1%
End of the Road, MotownphillyBoyz II Men at Work
40.2%
Teenage Dream, I Kissed a GirlKaty Perry Como
35.6%
Truckin, Touch Of GreyGrateful Dead Kennedys
31.1%
Paper Planes, Bucky Done GunMIAFI
30.6%
Song titles Band % Correct
Everyday People, Hot Fun in the SummertimeSly and The Family Stone Temple Pilots
28.1%
If You Don't Know Me By Now, Holding Back The YearsSimply Red Hot Chili Peppers
27.7%
Volcano Girls, SeetherVeruca Salt 'N Pepa
23.5%
Too Shy, Ooh To Be AahKajagoogoo Dolls
22.9%
Once Bitten Twice Shy, Call It Rock & RollGreat Whitesnake
21.3%
Lollipop, Go D.J.Lil Wayne Newton
21%
Do You Really Want to Hurt Me, Karma ChameleonCulture Club Nouveau
12%
You Be Illin', Can You Rock It Like ThisRun DMC&C Music Factory
8.6%
Busy Child, Bad StoneCrystal Method Man
3.3%

You're not logged in!

Compare scores with friends on all Sporcle quizzes.
OR
Log In

Sporcle TV

Today on Sporcle TV


Watch our educational content, quiz creation guides, and fun videos on Sporcle TV.

Show Comments

Extras

Top Quizzes Today


Score Distribution

Your Account Isn't Verified!

In order to create a playlist on Sporcle, you need to verify the email address you used during registration. Go to your Sporcle Settings to finish the process.

Report this User

Report this user for behavior that violates our Community Guidelines.

Details: